Tradícia betlehemcov je v našom kraji stále živá

Bibliographic Details
Main Author: red (Author)
Format: Article
Language:Slovak
PhysicalDescription:Fotografia
ISSN:2644-4259
Subjects:
Online Access:https://web.vucke.sk/files/sk/fakty-kraji/magazin-ksk/web_ksk_noviny_december_2024.pdf

MARC

LEADER 00000nab a2200000u 4500
001 vtls012270763
003 SK-MaSNL
005 20260305020743.0
008 250206|2024 xo ||||||| || ||slo|
038 |a KEVKJB 
040 |a KEVKJB  |b slo  |e rda 
041 0 |a slo 
043 |a e-xo--- 
044 |a xo  |c SK 
072 7 |a 792  |x Divadlo. Divadelné predstavenia  |2 konspekt 
080 |a 792.246:783.65  |2 2011 
100 1 |a red.  |4 aut  |9 848321 
245 1 0 |a Tradícia betlehemcov je v našom kraji stále živá  |c [autor] red. 
300 |b Fotografia 
336 |a text  |b txt  |2 rdacontent 
337 |a bez média  |b n  |2 rdamedia 
338 |a zväzok  |b nc  |2 rdacarrier 
650 0 7 |a betlehemci  |2 SNKPH  |9 113231 
650 0 7 |a betlehemské hry  |2 SNKPH  |9 58800 
651 7 |a Hosťovce (Košice-okolie, Slovensko)  |2 SNKPHgeo  |9 30761 
651 7 |a Janík (Slovensko)  |2 SNKPHgeo  |9 30782 
651 7 |a Košice-okolie (Slovensko : okres)  |2 SNKPHgeo  |9 146743 
651 7 |a Košický samosprávny kraj (Slovensko)  |2 SNKPHgeo  |9 195425 
773 0 |t Rozhýbaný kraj  |g Roč. 6, č. 6 (2024), s. 22  |x 2644-4259 
852 |a KEVKJB  |b KIS3GCP 
856 4 1 |u https://web.vucke.sk/files/sk/fakty-kraji/magazin-ksk/web_ksk_noviny_december_2024.pdf 
999 |c 3282136  |d 3284066